De la cuarta y definitiva salida de Don Quijote de La Mancha : (Record no. 194803)
[ view plain ]
| 000 -LEADER | |
|---|---|
| campo de control de longitud fija | 01245nab a2200289 i 4500 |
| 001 - NÚMERO DE CONTROL | |
| campo de control | 194803 |
| 003 - IDENTIFICADOR DE NÚMERO DE CONTROL | |
| campo de control | ES-MaACL |
| 005 - FECHA Y HORA DE LA ÚLTIMA TRANSACCIÓN | |
| campo de control | 20241210140231.0 |
| 008 - DATOS DE LONGITUD FIJA--INFORMACIÓN GENERAL | |
| campo de control de longitud fija | 240516e1946 sp ||||| |||| 00| 0 spa d |
| 040 ## - FUENTE DE CATALOGACIÓN | |
| Lengua de catalogación | spa |
| Centro/agencia transcriptor | ES-MaACL |
| 080 ## - NÚMERO DE LA CLASIFICACIÓN DECIMAL UNIVERSAL | |
| Número de la Clasificación Decimal Universal | 821.134.2 Cervantes Saavedra, Miguel de 7 Quijote.07 |
| 100 1# - ENTRADA PRINCIPAL--NOMBRE DE PERSONA | |
| Nombre de persona | Pemán, José María, |
| Fechas asociadas al nombre | 1897-1981 |
| Término indicativo de función/relación | Autor |
| 9 (RLIN) | 90130 |
| 245 10 - MENCIÓN DEL TÍTULO | |
| Título | De la cuarta y definitiva salida de Don Quijote de La Mancha : |
| Resto del título | [conferencia pronunciada en el Ateneo de Madrid el día 9 de noviembre de 1946] / |
| Mención de responsabilidad, etc. | por José María Pemán |
| 260 ## - PUBLICACIÓN, DISTRIBUCIÓN, ETC. | |
| Lugar de publicación, distribución, etc. | Madrid, |
| Fecha de publicación, distribución, etc. | 1947 |
| 300 ## - DESCRIPCIÓN FÍSICA | |
| Extensión | P. 8-32 |
| 336 ## - TIPO DE CONTENIDO | |
| Fuente | rdacontent |
| Término de tipo de contenido | texto |
| 337 ## - TIPO DE MEDIO | |
| Fuente | rdamedia |
| Nombre/término del tipo de medio | sin mediación |
| 338 ## - TIPO DE SOPORTE | |
| Fuente | rdacarrier |
| Nombre/término del tipo de soporte | volumen |
| 530 ## - NOTA DISPONIBLE DE FORMULARIO FÍSICO ADICIONAL | |
| Nota de formato físico adicional disponible | Disponible en formato digital |
| 600 14 - PUNTO DE ACCESO ADICIONAL DE MATERIA--NOMBRE DE PERSONA | |
| 9 (RLIN) | 37618 |
| Nombre de persona | Cervantes Saavedra, Miguel de, |
| Fechas asociadas al nombre | 1547-1616. |
| Título de la obra | Don Quijote de la Mancha- |
| Subdivisión general | Crítica e interpretación |
| 610 24 - PUNTO DE ACCESO ADICIONAL DE MATERIA--NOMBRE DE ENTIDAD CORPORATIVA | |
| 9 (RLIN) | 1908 |
| Nombre de entidad corporativa o nombre de jurisdicción como elemento de entrada | Ateneo de Madrid- |
| Subdivisión de forma | Conferencias- |
| Subdivisión cronológica | 1940-1982 |
| 773 ## - ASIENTO DE ITEM FUENTE | |
| Título | Revista nacional de educación, |
| Número Internacional Normalizado para Publicaciones Seriadas | ISSN 0210-2269, |
| Parte(s) relacionada(s) | 1947, n. 68, p. 8-32 |
| Número bibliográfico anfitrión | 1970 |
| Número de control del registro | 1970 |
| Número de ítem anfitrión | 2009 |
| 856 ## - LOCALIZACIÓN Y ACCESO ELECTRÓNICOS | |
| Identificador Uniforme de Recursos | <a href="http://hdl.handle.net/11162/71945">http://hdl.handle.net/11162/71945</a> |
| Texto de enlace | Versión en línea |
| Nota pública | (Redined) |
| 942 ## - ELEMENTOS DE ENTRADA SECUNDARIOS (KOHA) | |
| Fuente del sistema de clasificación o colocación | Clasificación decimal universal |
| Tipo de ítem Koha | Artículo de revista |
| Suprimir en OPAC | No |
No items available.
